| 000 | 00570nam a2200241Ia 4500 | ||
|---|---|---|---|
| 008 | 180628s9999 xx 000 0 und d | ||
| 020 | _a978-971-27-3022-1 | ||
| 050 | _aCUL TX 769 | ||
| 050 | _b.G66 2015 | ||
| 100 | _aGonzalez, Gene. | ||
| 245 | 0 | _aPhilippine breads / | |
| 245 | 0 | _cGene Gonzalez. | |
| 260 | _aPasig : | ||
| 260 | _bAnvil Publishing, | ||
| 260 | _c2015 | ||
| 300 | _a102 pages : | ||
| 300 | _billustrations ; | ||
| 300 | _c20 cm. | ||
| 500 | _aIncludes index. | ||
| 650 | _aCakes. | ||
| 650 | _aCookery (Bread). | ||
| 650 | _xBaking. | ||
| 999 |
_c358106 _d358106 |
||